000
00337nam a2200133Ia 4500
008
151001s9999||||xx |||||||||||||| ||und||
100
_a
सरोजिनी शारंगपाणी
245
_a
पंकजा
250
_a
1
260
_b
सरोज प्रकाशन
260
_c
1977
300
_a
94
365
_b
18
999
_c
959662
_d
959659